书目信息 |
| 题名: |
夕阳更红·故事卷
|
|
| 作者: | 刘方成总 主编 ;李瑜增分卷 主编 | |
| 分册: | ||
| 出版信息: | 北京 中国财政经济出版社 2001 |
|
| 页数: | 257页 | |
| 开本: | 20cm | |
| 丛书名: | ||
| 单 册: | ||
| 中图分类: | Z228.3 | |
| 科图分类: | ||
| 主题词: | 民间故事--作品集--中国 | |
| 电子资源: | ||
| ISBN: | 7-5005-5148-7 | |
| 000 | 00698nam0 2200205 450 | |
| 001 | 0733511143 | |
| 005 | 20070714111529.37 | |
| 010 | @a7-5005-5148-7@dCNY158.00(全套) | |
| 100 | @a20070710d2001 km y0chiy0120 ea | |
| 101 | 0 | @achi |
| 102 | @aCN@b110000 | |
| 200 | 1 | @a夕阳更红·故事卷@Axi yang geng hong·gu shi juan@f刘方成总主编@Fliu fang cheng zong zhu bian@g李瑜增分卷主编@Gli yu zeng fen juan zhu bian |
| 210 | @a北京@c中国财政经济出版社@d2001 | |
| 215 | @a257页@d20cm | |
| 606 | 0 | @a民间故事@x作品集@y中国 |
| 690 | @aZ228.3@v3 | |
| 701 | 0 | @a刘方成总@Aliu fang cheng zong@4主编 |
| 702 | 0 | @a李瑜增分卷@Ali yu zeng fen juan@4主编 |
| 801 | 0 | @aCN@bPFT@c20070714 |
| 905 | @a10447@dZ228.3@e187:7 | |
| 夕阳更红·故事卷/刘方成总主编/李瑜增分卷主编.-北京:中国财政经济出版社,2001 |
| 257页;20cm |
| ISBN 7-5005-5148-7:CNY158.00(全套) |
| ● |
| 相关链接 |
|
|
|
|
正题名:夕阳更红·故事卷
索取号:Z228.3/187:7
 
预约/预借
| 序号 | 登录号 | 条形码 | 馆藏地/架位号 | 状态 | 备注 |
| 1 | 0768283 | 207682836 | 第二样本阅览室/ [索取号:Z228.3/187:7] | 在馆 |